[Event "Fourmies op 34th"]
[Site "Fourmies"]
[Date "2010.05.23"]
[Round "5"]
[White "Guilleux, Fabien"]
[Black "Lechelle, William"]
[Result "1-0"]
[WhiteElo "2394"]
[BlackElo "2020"]
[PlyCount "57"]
[EventDate "2010.05.22"]
[EventType "swiss"]
[EventRounds "7"]
[EventCountry "FRA"]
[SourceTitle "CBM 136 Extra"]
[Source "ChessBase"]
[SourceDate "2010.07.02"]
[SourceVersion "2"]
[SourceVersionDate "2010.07.15"]
[SourceQuality "1"]

1. Nf3 b6 2. g3 Bb7 3. Bg2 e5 4. d3 f5 5. 0-0 d6 6. e4 fxe4 7. Ng5 Nf6 8. Nc3 d5 9. dxe4 d4 10. Ne6 Qd7 11. Nd5 Bxd5 12. exd5 c6 13. Re1 cxd5 14. Rxe5 Nc6 15. Nc5+ Nxe5 16. Nxd7 Nexd7 17. Bxd5 Rc8 18. Bb3 Bc5 19. Bg5 h6 20. Bxf6 Nxf6 21. Qd3 Rc7 22. Re1+ Kd8 23. c3 Rd7 24. Ba4 Rd6 25. b4 dxc3 26. Qf3 Bxf2+ 27. Kxf2 Rd2+ 28. Kg1 Nd5 29. Re5 1-0

[Event "FRA-ch U18"]
[Site "Aix les Bains"]
[Date "2009.04.23"]
[Round "6"]
[White "Masset, Jacques"]
[Black "Lechelle, William"]
[Result "1-0"]
[WhiteElo "1847"]
[BlackElo "1991"]
[PlyCount "77"]
[EventDate "2009.04.19"]
[EventType "swiss"]
[EventRounds "9"]
[EventCountry "FRA"]
[SourceTitle "CBM 130 Extra"]
[Source "ChessBase"]
[SourceDate "2009.07.02"]
[SourceVersion "2"]
[SourceVersionDate "2009.07.15"]
[SourceQuality "1"]

1. Nf3 Nf6 2. c4 g6 3. Nc3 d5 4. d4 Bg7 5. Bg5 Ne4 6. Bh4 Nxc3 7. bxc3 c5 8. e3 0-0 9. cxd5 cxd4 10. cxd4 h6 11. Bc4 b5 12. Bb3 a5 13. a3 Bb7 14. e4 g5 15. Bg3 f5 16. Be5 fxe4 17. d6+ Kh8 18. Nxg5 Bxe5 19. dxe5 exd6 20. Ne6 Qe7 21. Nxf8 Qxf8 22. Qxd6 Qxd6 23. exd6 Nd7 24. Rc1 Ne5 25. Rc7 Bc8 26. Bd5 Rb8 27. Bxe4 b4 28. axb4 axb4 29. 0-0 Ba6 30. Rfc1 Rd8 31. Rh7+ Kg8 32. Rxh6 Kg7 33. Re6 Nc4 34. Bd3 b3 35. Bxc4 Bxc4 36. Rxc4 b2 37. Rb4 Ra8 38. Re1 Ra1 39. Kf1 1-0

[Event "FRA-ch U18"]
[Site "Aix les Bains"]
[Date "2009.04.22"]
[Round "5"]
[White "Lechelle, William"]
[Black "Ollier, Pablo"]
[Result "0-1"]
[WhiteElo "1991"]
[BlackElo "2200"]
[PlyCount "78"]
[EventDate "2009.04.19"]
[EventType "swiss"]
[EventRounds "9"]
[EventCountry "FRA"]
[SourceTitle "CBM 130 Extra"]
[Source "ChessBase"]
[SourceDate "2009.07.02"]
[SourceVersion "2"]
[SourceVersionDate "2009.07.15"]
[SourceQuality "1"]

1. c4 c5 2. Nc3 Nc6 3. e3 e5 4. Nf3 Nf6 5. d4 cxd4 6. exd4 e4 7. Ne5 Bb4 8. Nxc6 bxc6 9. Be3 0-0 10. Be2 d5 11. a3 Bxc3+ 12. bxc3 Qa5 13. Qc2 h6 14. 0-0 Ba6 15. cxd5 cxd5 16. Rfc1 Rfc8 17. Bxa6 Qxa6 18. Bf4 Rc4 19. Qb3 Rac8 20. Rab1 Qc6 21. Qb7 Qxb7 22. Rxb7 Ra4 23. Bd6 Rxd4 24. Rxa7 Rdc4 25. h3 d4 26. Rd1 dxc3 27. Rb7 c2 28. Rc1 Rd4 29. Bf4 Nd5 30. Rxc2 Nxf4 31. Rcb2 Rc2 32. Rxc2 Rd1+ 33. Kh2 Ra1 34. Kg3 Nd3 35. Rc3 f5 36. f4 Kh7 37. h4 h5 38. Rbb3 e3 39. Kf3 e2 0-1